01578cam a2200349 i 450000100090000000300040000900500170001300800410003001000170007102000320008802000250012002000260014502000260017104000230019704200080022005000220022808200180025010000290026824504220029725000220071926400340074130000580077533600260083333700280085933800270088750001420091450400510105665000280110765000290113570000330116470000310119723325354OSt20231214160138.0230921s2017 njua b 001 0 eng  a 2023302525 a9781119443766q(loose leaf) a9781119256007q(BRV) a9781119375753q(EVAL) z9781119377924q(epub) aDLCbengerdacDLC apcc00aQA371b.B773 2017 a515.35bBOY/E aBoyce, William Eeauthor10aElementary differential equations and boundary value problems /cWilliam E. Boyce (Edward P. Hamilton Professor Emeritus, Department of Mathematical Sciences, Rensselaer Polytechnic Institute), Richard C. DiPrima (formerly Eliza Ricketts Foundation Professor, Department of Mathematical Sciences, Rensselaer Polytechnic Institute), Douglas B. Meade (Department of Mathematics, University of South Carolina, Columbia). aEleventh edition. 1aHoboken, NJ :bWiley,c[2017] axii, 610 pages :billustrations (some color) ;c28 cm atextbtxt2rdacontent aunmediatedbn2rdamedia avolumebnc2rdacarrier aPreceded by: Elementary differential equations and boundary value problems / William E. Boyce, Richard C. DiPrima. Tenth edition. [2012]. aIncludes bibliographical references and index. 0aDifferential equations. 0aBoundary value problems.1 aDiPrima, Richard C.,eauthor1 aMeade, Douglas B.,eauthor